[Event "Hilton Open 2012"]
[Site "Basel"]
[Date "2012.01.03"]
[Round "4"]
[White "Sand, Rolf"]
[Black "Ditzler, Juerg"]
[Result "1/2-1/2"]
[WhiteElo "2000"]
[BlackElo "2061"]
[PlyCount "51"]
[EventDate "2012.??.??"]
[EventRounds "7"]
[EventCountry "SUI"]
[SourceDate "2012.01.01"]

1. Nf3 g6 2. c4 Bg7 3. g3 d6 4. Bg2 e5 5. Nc3 f5 6. d3 Nf6 7. O-O O-O 8. Bg5 h6
9. Bxf6 Bxf6 10. e4 Kh7 11. d4 Nc6 12. dxe5 Nxe5 13. Nxe5 Bxe5 14. exf5 Bxf5
15. Qd2 Qf6 16. Rac1 c6 17. b3 Rae8 18. Ne2 Re7 19. Rcd1 Rfe8 20. f4 Bb2 21.
Nd4 Ba3 22. Nxf5 Qxf5 23. Bf3 h5 24. Rfe1 a5 25. Rxe7+ Rxe7 26. Re1 1/2-1/2

[Event "Hilton Open 2012"]
[Site "Basel"]
[Date "2012.01.03"]
[Round "4"]
[White "Thomasson, Staffan"]
[Black "Moos, Gerd"]
[Result "0-1"]
[WhiteElo "1988"]
[BlackElo "2016"]
[PlyCount "54"]
[EventDate "2012.??.??"]
[EventRounds "7"]
[EventCountry "SUI"]
[SourceDate "2012.01.01"]

1. c4 e5 2. g3 d6 3. Bg2 f5 4. Nc3 Nf6 5. d3 Be7 6. Nf3 O-O 7. O-O c6 8. Bd2
Kh8 9. b4 Be6 10. Rb1 Nbd7 11. Qc2 d5 12. b5 d4 13. Na4 c5 14. Ng5 Bg8 15. Bxb7
Rb8 16. Bc6 h6 17. Nf3 Bh7 18. Rb3 e4 19. Nh4 Ne5 20. Rfb1 g5 21. Ng2 Bd6 22.
Bd5 Qe8 23. Ra3 Qh5 24. b6 axb6 25. Rxb6 Rxb6 26. Nxb6 Qxe2 27. Ne1 Nfg4 0-1

[Event "Hilton Open 2012"]
[Site "Basel"]
[Date "2012.01.03"]
[Round "4"]
[White "Spiess, Thomas"]
[Black "Goettelmann, Guillaume"]
[Result "1/2-1/2"]
[WhiteElo "2002"]
[BlackElo "1991"]
[PlyCount "90"]
[EventDate "2012.??.??"]
[EventRounds "7"]
[EventCountry "SUI"]
[SourceDate "2012.01.01"]

1. d4 d5 2. Nf3 Nf6 3. e3 c6 4. c4 a6 5. Qb3 e6 6. Nc3 Nbd7 7. Bd3 dxc4 8. Qxc4
c5 9. Qa4 Be7 10. O-O O-O 11. Rd1 cxd4 12. exd4 Nb6 13. Qc2 Bd7 14. Ne5 Rc8 15.
Qe2 Nbd5 16. Bd2 Bc6 17. Ne4 Nxe4 18. Bxe4 f5 19. Bf3 Bg5 20. Rac1 Bb5 21. Rxc8
Qxc8 22. Qe1 Bxd2 23. Qxd2 Rd8 24. Rc1 Qb8 25. a3 Qd6 26. h4 Ne7 27. Qe3 Nc6
28. Nxc6 Bxc6 29. Bxc6 bxc6 30. g3 Kf7 31. Qc3 Qxd4 32. Qxc6 Rd6 33. Qb7+ Kg6
34. Rc7 Qe5 35. h5+ Kh6 36. Rc1 f4 37. g4 Qe2 38. g5+ Kxh5 39. Qf7+ Kg4 40.
Qxg7 Rd1+ 41. Rxd1 Qxd1+ 42. Kh2 Qd6 43. Qxh7 f3+ 44. Kg1 Qd1+ 45. Kh2 Qd6+
1/2-1/2

[Event "Hilton Open 2012"]
[Site "Basel"]
[Date "2012.01.04"]
[Round "5"]
[White "Turov, Maxim"]
[Black "Fier, Alexandr"]
[Result "1/2-1/2"]
[WhiteElo "2645"]
[BlackElo "2603"]
[PlyCount "35"]
[EventDate "2012.??.??"]
[EventRounds "7"]
[EventCountry "SUI"]
[SourceDate "2012.01.01"]

1. d4 Nf6 2. c4 e6 3. Nc3 Bb4 4. Qc2 d5 5. a3 Bxc3+ 6. Qxc3 O-O 7. Nf3 dxc4 8.
Qxc4 b6 9. Bg5 Ba6 10. Qa4 c5 11. dxc5 bxc5 12. Rd1 Qb6 13. Bxf6 gxf6 14. Rd2
Nc6 15. Qg4+ Kh8 16. Qh4 Kg7 17. Qg4+ Kh8 18. Qh4 1/2-1/2

[Event "Hilton Open 2012"]
[Site "Basel"]
[Date "2012.01.04"]
[Round "5"]
[White "Pelletier, Yannick"]
[Black "Nikolov, Momchil"]
[Result "1/2-1/2"]
[WhiteElo "2589"]
[BlackElo "2560"]
[PlyCount "58"]
[EventDate "2012.??.??"]
[EventRounds "7"]
[EventCountry "SUI"]
[SourceDate "2012.01.01"]

1. Nf3 Nf6 2. c4 b6 3. g3 Bb7 4. Bg2 e6 5. O-O Be7 6. d4 O-O 7. Nc3 Ne4 8. Bd2
Bf6 9. Rc1 c5 10. d5 exd5 11. cxd5 Nxd2 12. Nxd2 d6 13. Nde4 Be5 14. Qd2 Ba6
15. Rfe1 g6 16. a4 Qe7 17. Qg5 Qxg5 18. Nxg5 h6 19. Nge4 Rd8 20. f4 Bd4+ 21. e3
Bg7 22. g4 Bd3 23. b3 Na6 24. Red1 Nb4 25. Rd2 Bxe4 26. Nxe4 a6 27. Kf2 Ra7 28.
h4 Kf8 29. Bf3 Rc7 1/2-1/2

[Event "Hilton Open 2012"]
[Site "Basel"]
[Date "2012.01.04"]
[Round "5"]
[White "Ghaem Maghami, Ehsan"]
[Black "Cebalo, Miso"]
[Result "1/2-1/2"]
[WhiteElo "2570"]
[BlackElo "2444"]
[PlyCount "120"]
[EventDate "2012.??.??"]
[EventRounds "7"]
[EventCountry "SUI"]
[SourceDate "2012.01.01"]

1. d4 Nf6 2. c4 e6 3. Nf3 c5 4. Nc3 cxd4 5. Nxd4 Bb4 6. g3 O-O 7. Bg2 Nc6 8.
O-O Nxd4 9. Qxd4 d6 10. Bg5 e5 11. Qd3 Bxc3 12. Qxc3 h6 13. Bxf6 Qxf6 14. Rfd1
Qe7 15. Rd2 Be6 16. Qb4 Rfd8 17. Rad1 Rd7 18. b3 a5 19. Qa4 Qd8 20. Bd5 Rc8 21.
Qa3 Bh3 22. Be4 Rc5 23. Bxb7 Qb6 24. Bd5 g6 25. Qb2 Rc8 26. Qc3 Kg7 27. a3 Rb8
28. Rb2 Ra7 29. b4 axb4 30. Qxb4 Qxb4 31. axb4 Kf6 32. b5 Be6 33. f4 Ra4 34.
Rc2 Rb4 35. Kf2 Rc8 36. Bxe6 Kxe6 37. fxe5 dxe5 38. Rdc1 e4 39. Ke3 Ke5 40. Kd2
Kd4 41. e3+ Kc5 42. g4 Rd8+ 43. Ke2 Rd3 44. Rf1 Rxc4 45. Rxc4+ Kxc4 46. Rxf7
Rb3 47. Rc7+ Kxb5 48. Kf2 g5 49. Re7 Rb4 50. Kg3 Kc5 51. h4 gxh4+ 52. Kf4 h3
53. Re5+ Kc4 54. Rh5 Kd3 55. Rxh6 Rb8 56. Rxh3 Rf8+ 57. Ke5 Rf3 58. Rh1 Rg3 59.
Kf5 Rf3+ 60. Ke5 Rg3 1/2-1/2

[Event "Hilton Open 2012"]
[Site "Basel"]
[Date "2012.01.04"]
[Round "5"]
[White "Vorotnikov, Vladislav V"]
[Black "Hera, Imre Jr"]
[Result "1/2-1/2"]
[WhiteElo "2440"]
[BlackElo "2558"]
[PlyCount "148"]
[EventDate "2012.??.??"]
[EventRounds "7"]
[EventCountry "SUI"]
[SourceDate "2012.01.01"]

1. d4 Nf6 2. Nf3 e6 3. e3 c5 4. c4 cxd4 5. exd4 d5 6. Nc3 Bb4 7. Bd3 dxc4 8.
Bxc4 Bxc3+ 9. bxc3 Qc7 10. Qe2 O-O 11. Bd2 Nbd7 12. Bd3 b6 13. O-O Bb7 14. Rfe1
Rac8 15. c4 Bxf3 16. Qxf3 e5 17. d5 Qd6 18. Qg3 Nh5 19. Qg5 Nhf6 20. Qg3 Rfe8
21. Rac1 Rcd8 22. Bc3 Nh5 23. Qh4 g6 24. g3 f6 25. Re3 Qa3 26. Rc2 Qa4 27. Rce2
b5 28. f4 e4 29. Bc2 Qxc4 30. Bb3 Qc5 31. f5 Ne5 32. Kg2 Kg7 33. Bxe5 Rxe5 34.
Rxe4 Rde8 35. Rxe5 Rxe5 36. Rxe5 fxe5 37. Qd8 Qe3 38. f6+ Kh6 39. Qf8+ Kg5 40.
h4+ Kf5 41. Qc8+ Ke4 42. Qg4+ Kd3 43. f7 Qd2+ 44. Kh3 Qf2 45. Qd1+ Ke3 46. Qc1+
Kd4 47. Qa1+ Kd3 48. Qxe5 Qxf7 49. Kg2 Nf6 50. Qf4 Qe7 51. d6 Qe2+ 52. Kg1 Nd7
53. Qf1 Qxf1+ 54. Kxf1 Kd4 55. Be6 Nc5 56. Bg4 a5 57. Ke2 Nb7 58. d7 Nd8 59.
Bf3 h6 60. Kd2 g5 61. h5 Nf7 62. Be2 b4 63. Bd1 Nd8 64. Kc2 a4 65. Kb2 a3+ 66.
Kb3 Kc5 67. Ka4 Nc6 68. Bf3 Nd8 69. Be4 Ne6 70. Bf5 Nd8 71. Bc2 Nc6 72. Bb3 Nd8
73. Ka5 Nc6+ 74. Ka4 Nd8 1/2-1/2

[Event "Hilton Open 2012"]
[Site "Basel"]
[Date "2012.01.04"]
[Round "5"]
[White "Kozhuharov, Spas"]
[Black "Prohaszka, Peter"]
[Result "1/2-1/2"]
[WhiteElo "2432"]
[BlackElo "2547"]
[PlyCount "54"]
[EventDate "2012.??.??"]
[EventRounds "7"]
[EventCountry "SUI"]
[SourceDate "2012.01.01"]

1. Nf3 Nf6 2. g3 d5 3. Bg2 e6 4. O-O Be7 5. d3 c5 6. Nbd2 b6 7. e4 Bb7 8. Re1
Nc6 9. e5 Nd7 10. h4 Qc7 11. Qe2 h6 12. h5 b5 13. c3 a5 14. a4 b4 15. Bh3 Ba6
16. c4 dxc4 17. Nxc4 Nb6 18. b3 Nxc4 19. dxc4 O-O-O 20. Bb2 Rd7 21. Rad1 Rhd8
22. Bg2 Bb7 23. Ba1 Kb8 24. Bb2 Ka7 25. Kf1 Kb6 26. Kg1 Qc8 27. Ba1 Qc7 1/2-1/2

[Event "Hilton Open 2012"]
[Site "Basel"]
[Date "2012.01.04"]
[Round "5"]
[White "Cherniaev, Alexander"]
[Black "Filipovic, Branko"]
[Result "1/2-1/2"]
[WhiteElo "2469"]
[BlackElo "2374"]
[PlyCount "35"]
[EventDate "2012.??.??"]
[EventRounds "7"]
[EventCountry "SUI"]
[SourceDate "2012.01.01"]

1. e4 d5 2. exd5 Nf6 3. c4 c6 4. Nc3 cxd5 5. d4 g6 6. Qb3 Bg7 7. cxd5 O-O 8.
Nge2 Na6 9. Bf4 Qb6 10. Qxb6 axb6 11. d6 Nb4 12. dxe7 Re8 13. Kd2 Nbd5 14. Be5
Bh6+ 15. f4 Rxe7 16. g3 Bf5 17. Bg2 Rd8 18. Bxf6 1/2-1/2

[Event "Hilton Open 2012"]
[Site "Basel"]
[Date "2012.01.04"]
[Round "5"]
[White "Vorobiov, Evgeny E"]
[Black "Toth, Bela"]
[Result "1-0"]
[WhiteElo "2589"]
[BlackElo "2350"]
[PlyCount "57"]
[EventDate "2012.??.??"]
[EventRounds "7"]
[EventCountry "SUI"]
[SourceDate "2012.01.01"]

1. d4 Nf6 2. c4 e6 3. Nf3 b6 4. a3 Bb7 5. Nc3 Ne4 6. Nxe4 Bxe4 7. Nd2 Bb7 8. e4
Qf6 9. d5 Bc5 10. Nf3 Qg6 11. b4 Qxe4+ 12. Be2 Be7 13. O-O exd5 14. Re1 dxc4
15. Bf1 Qd5 16. Qe2 Nc6 17. b5 Qxb5 18. Nd4 Qe5 19. Qxe5 Nxe5 20. Rxe5 Kd8 21.
Bxc4 Bf6 22. Bg5 Bxg5 23. Rxg5 g6 24. Bxf7 Rf8 25. Bb3 Re8 26. Rd1 c6 27. h4
Kc7 28. h5 gxh5 29. Rg7 1-0

[Event "Hilton Open 2012"]
[Site "Basel"]
[Date "2012.01.04"]
[Round "5"]
[White "Grandadam, Nicolas"]
[Black "Skembris, Spyridon"]
[Result "0-1"]
[WhiteElo "2342"]
[BlackElo "2463"]
[PlyCount "72"]
[EventDate "2012.??.??"]
[EventRounds "7"]
[EventCountry "SUI"]
[SourceDate "2012.01.01"]

1. Nf3 d5 2. d4 c6 3. c4 Nf6 4. Nc3 g6 5. Bf4 Bg7 6. e3 O-O 7. Rc1 Be6 8. cxd5
Nxd5 9. Be5 Bh6 10. Be2 Nd7 11. Bg3 Nxc3 12. bxc3 Qa5 13. O-O Qxa2 14. c4 Qa5
15. Rb1 b6 16. d5 cxd5 17. Nd4 Nf6 18. Nc6 Qc5 19. cxd5 Nxd5 20. Rc1 Nc3 21.
Nxe7+ Qxe7 22. Rxc3 Rfd8 23. Qa4 Rac8 24. Rxc8 Rxc8 25. Ba6 Rc5 26. Bb5 Bg7 27.
Rd1 Rd5 28. Rxd5 Bxd5 29. h3 h5 30. Ba6 Kh7 31. Bf1 a5 32. Bb5 Qc5 33. Kh2 Bf8
34. e4 Bxe4 35. Qxe4 Qxb5 36. Be5 Qe8 0-1

[Event "Hilton Open 2012"]
[Site "Basel"]
[Date "2012.01.04"]
[Round "5"]
[White "Heimann, Andreas"]
[Black "Xheladini, Mahmut"]
[Result "1-0"]
[WhiteElo "2459"]
[BlackElo "2278"]
[PlyCount "67"]
[EventDate "2012.??.??"]
[EventRounds "7"]
[EventCountry "SUI"]
[SourceDate "2012.01.01"]

1. e4 c6 2. d4 d6 3. Nf3 Nd7 4. Bc4 h6 5. O-O Qc7 6. e5 dxe5 7. dxe5 e6 8. Bf4
Ne7 9. Nbd2 Ng6 10. Bg3 Ndxe5 11. Nxe5 Nxe5 12. Re1 Bd6 13. Ne4 Nxc4 14. Nxd6+
Nxd6 15. Bxd6 Qd8 16. Qd3 f5 17. Rad1 Kf7 18. Qc3 Rg8 19. Rd3 Kg6 20. Be5 Qe7
21. Red1 Kh7 22. Rd6 Qf7 23. R1d3 a5 24. a4 Qe7 25. h3 Rf8 26. Qd2 Qg5 27. Rg3
Qe7 28. Rxg7+ Qxg7 29. Bxg7 Kxg7 30. Rd8 Rxd8 31. Qxd8 e5 32. Qe7+ Kg8 33. h4
e4 34. h5 1-0

[Event "Hilton Open 2012"]
[Site "Basel"]
[Date "2012.01.04"]
[Round "5"]
[White "Enchev, Ivajlo"]
[Black "Hess, Christian Mathias"]
[Result "1/2-1/2"]
[WhiteElo "2430"]
[BlackElo "2256"]
[PlyCount "91"]
[EventDate "2012.??.??"]
[EventRounds "7"]
[EventCountry "SUI"]
[SourceDate "2012.01.01"]

1. d4 d5 2. c4 c6 3. Nc3 Nf6 4. Nf3 dxc4 5. a4 Bf5 6. e3 e6 7. Bxc4 Bb4 8. O-O
O-O 9. Qe2 Nbd7 10. e4 Bg6 11. Bd3 Bh5 12. e5 Nd5 13. Nxd5 cxd5 14. Qe3 h6 15.
Ne1 Bg6 16. Bxg6 fxg6 17. Nd3 Be7 18. Qh3 Rf5 19. g4 Rf7 20. f4 Qb6 21. Be3 Qb3
22. Rad1 Kh7 23. Rd2 Raf8 24. a5 Nb8 25. Nc1 Qc4 26. Rdf2 Nc6 27. Ne2 Qd3 28.
a6 bxa6 29. Nc1 Qc4 30. Rd1 Bd8 31. Ne2 Qb3 32. Rdf1 Qd3 33. f5 Bg5 34. fxg6+
Qxg6 35. Rxf7 Rxf7 36. Rxf7 Bxe3+ 37. Qxe3 Qxf7 38. Nf4 Ne7 39. h4 Ng6 40. Ng2
Kg8 41. h5 Nf8 42. Nh4 Qb7 43. Qc3 Qf7 44. Qe3 Qb7 45. Qd2 a5 46. Nf3 1/2-1/2

[Event "Hilton Open 2012"]
[Site "Basel"]
[Date "2012.01.04"]
[Round "5"]
[White "Lekic, Dusan"]
[Black "Ghader Pour, Shayesteh"]
[Result "1/2-1/2"]
[WhiteElo "2402"]
[BlackElo "2242"]
[PlyCount "39"]
[EventDate "2012.??.??"]
[EventRounds "7"]
[EventCountry "SUI"]
[SourceDate "2012.01.01"]

1. d4 Nf6 2. c4 e6 3. Nc3 Bb4 4. e3 c5 5. Bd3 O-O 6. Nf3 d5 7. O-O Nc6 8. a3
Bxc3 9. bxc3 Qc7 10. Bb2 Re8 11. h3 Na5 12. cxd5 exd5 13. Ne5 Nc4 14. Nxc4 dxc4
15. Bc2 b5 16. Re1 Bb7 17. f3 a5 18. e4 cxd4 19. Qxd4 Rad8 20. Qf2 1/2-1/2

[Event "Hilton Open 2012"]
[Site "Basel"]
[Date "2012.01.04"]
[Round "5"]
[White "Dobosz, Henryk"]
[Black "Kelecevic, Nedeljko"]
[Result "1/2-1/2"]
[WhiteElo "2396"]
[BlackElo "2245"]
[PlyCount "56"]
[EventDate "2012.??.??"]
[EventRounds "7"]
[EventCountry "SUI"]
[SourceDate "2012.01.01"]

1. e4 c5 2. Nf3 Nc6 3. Bb5 d6 4. O-O Bd7 5. c3 a6 6. Ba4 Nf6 7. Re1 e5 8. h3
Be7 9. d4 O-O 10. Bc2 Rc8 11. d5 Nb8 12. Nxe5 dxe5 13. d6 Be6 14. dxe7 Qxe7 15.
Nd2 Rfd8 16. Qf3 Nfd7 17. Nf1 c4 18. b4 cxb3 19. axb3 Nc5 20. Rb1 b5 21. Ne3
Qb7 22. Nd5 Bxd5 23. exd5 Qxd5 24. Qxd5 Rxd5 25. c4 bxc4 26. bxc4 Rd4 27. Rxe5
Rxc4 28. Bf5 Ncd7 1/2-1/2

[Event "Hilton Open 2012"]
[Site "Basel"]
[Date "2012.01.04"]
[Round "5"]
[White "Dann, Matthias"]
[Black "Archangelsky, Mikhail"]
[Result "1/2-1/2"]
[WhiteElo "2381"]
[BlackElo "2197"]
[PlyCount "97"]
[EventDate "2012.??.??"]
[EventRounds "7"]
[EventCountry "SUI"]
[SourceDate "2012.01.01"]

1. e4 e6 2. d4 d5 3. Nc3 Nf6 4. Bg5 dxe4 5. Nxe4 Nbd7 6. Nf3 h6 7. Nxf6+ Nxf6
8. Bh4 c5 9. Bc4 cxd4 10. O-O Be7 11. Qe2 O-O 12. Rad1 Qa5 13. Nxd4 Bd7 14. c3
Rad8 15. Rfe1 Rfe8 16. Bb3 a6 17. Qf3 Bc8 18. Re3 Qh5 19. Qxh5 Nxh5 20. Bxe7
Rxe7 21. g3 Red7 22. Rde1 Rd6 23. f4 Nf6 24. h3 Nd5 25. Rf3 Ne7 26. Rff1 b6 27.
Kf2 Bb7 28. Rd1 Nc6 29. Nxc6 Bxc6 30. Rxd6 Rxd6 31. Rd1 Rxd1 32. Bxd1 Kf8 33.
Ke3 Ke7 34. b4 Kd6 35. Kd4 f6 36. c4 e5+ 37. fxe5+ fxe5+ 38. Ke3 Bd7 39. Bg4
Bc6 40. h4 Bb7 41. a3 Bc6 42. Bc8 a5 43. Bf5 axb4 44. axb4 Be8 45. Kd3 Bf7 46.
Kc3 Bg8 47. Bd3 Be6 48. Kb3 Bf7 49. Ka4 1/2-1/2

[Event "Hilton Open 2012"]
[Site "Basel"]
[Date "2012.01.04"]
[Round "5"]
[White "Curien, Nicolas"]
[Black "Schmidt Schaeffer, Sebastian"]
[Result "1-0"]
[WhiteElo "2177"]
[BlackElo "2376"]
[PlyCount "55"]
[EventDate "2012.??.??"]
[EventRounds "7"]
[EventCountry "SUI"]
[SourceDate "2012.01.01"]

1. d4 f5 2. Bg5 h6 3. Bh4 g5 4. e3 Nf6 5. Bg3 d6 6. h4 g4 7. Nc3 Bg7 8. h5 O-O
9. Bc4+ e6 10. Nge2 Qe8 11. Nf4 Bd7 12. Qe2 Kh7 13. O-O-O d5 14. Bb3 c5 15.
dxc5 Na6 16. Ng6 Rg8 17. Bd6 Qd8 18. f3 Qa5 19. e4 d4 20. Rxd4 Nxh5 21. Be5
Nxc5 22. Bxg7 Rxg7 23. Rxh5 Kxg6 24. fxg4 fxg4 25. Qxg4+ Kh7 26. Qh4 Kg8 27.
Rxh6 Nxb3+ 28. cxb3 1-0

[Event "Hilton Open 2012"]
[Site "Basel"]
[Date "2012.01.04"]
[Round "5"]
[White "Minko, Vladimir"]
[Black "Wirthensohn, Heinz"]
[Result "1-0"]
[WhiteElo "2038"]
[BlackElo "2352"]
[PlyCount "63"]
[EventDate "2012.??.??"]
[EventRounds "7"]
[EventCountry "SUI"]
[SourceDate "2012.01.01"]

1. d4 d5 2. c4 c6 3. cxd5 cxd5 4. Bf4 Nf6 5. e3 Nc6 6. Nc3 Bg4 7. f3 Bd7 8. Bg3
e6 9. Bd3 Qb6 10. Nge2 Qxb2 11. O-O Na5 12. Rb1 Qa3 13. Nb5 Bxb5 14. Bxb5+ Nc6
15. Qa4 Rc8 16. Rb3 Qxa4 17. Bxa4 Nd7 18. Rxb7 Nb6 19. Rb8 Kd7 20. Rc1 Nxa4 21.
Rxc8 Kxc8 22. Rxc6+ Kd8 23. Ra6 Nb6 24. Rxa7 Nc4 25. Kf2 Ke8 26. Nc3 Be7 27.
Nb5 f6 28. Nd6+ Nxd6 29. Bxd6 Bd8 30. Bc7 Bxc7 31. Rxc7 Rg8 32. Rc8+ 1-0

[Event "Hilton Open 2012"]
[Site "Basel"]
[Date "2012.01.04"]
[Round "5"]
[White "Braeunlin, Klaus"]
[Black "Milosevic, Goran"]
[Result "1/2-1/2"]
[WhiteElo "2155"]
[BlackElo "2340"]
[PlyCount "94"]
[EventDate "2012.??.??"]
[EventRounds "7"]
[EventCountry "SUI"]
[SourceDate "2012.01.01"]

1. e4 c5 2. Nf3 e6 3. b3 Nc6 4. Bb2 Nf6 5. e5 Nd5 6. Nc3 Nc7 7. Ne4 Be7 8. Nd6+
Kf8 9. Ne4 b6 10. h4 h6 11. g3 Bb7 12. d3 Ne8 13. Bg2 d5 14. exd6 Nxd6 15. Nxd6
Qxd6 16. Nd2 Qd7 17. O-O Rd8 18. Qf3 Ba8 19. Qe3 Nb4 20. Bxa8 Rxa8 21. Qf3 Rd8
22. Nc4 Qd5 23. Qg4 Bf6 24. Ne3 Qd7 25. Bxf6 gxf6 26. Qf4 f5 27. a3 Nc6 28.
Rfe1 Qd4 29. Qc7 Qd6 30. Qxd6+ Rxd6 31. Kf1 Rg8 32. Nc4 Rd5 33. Ne3 Rd4 34. Ng2
Kg7 35. Re3 Rb8 36. Nf4 Rd7 37. Nh5+ Kf8 38. c3 b5 39. b4 cxb4 40. axb4 a5 41.
bxa5 Ra7 42. Ree1 Rxa5 43. Rxa5 Nxa5 44. Rb1 Nc6 45. Nf4 Ke7 46. d4 b4 47. cxb4
Rxb4 1/2-1/2

[Event "Hilton Open 2012"]
[Site "Basel"]
[Date "2012.01.04"]
[Round "5"]
[White "Kolbus, Dietmar"]
[Black "Schmidt, Ralf"]
[Result "1-0"]
[WhiteElo "2325"]
[BlackElo "2156"]
[PlyCount "73"]
[EventDate "2012.??.??"]
[EventRounds "7"]
[EventCountry "SUI"]
[SourceDate "2012.01.01"]

1. Nf3 e6 2. c4 d5 3. g3 f5 4. Bg2 Nf6 5. O-O Be7 6. d4 O-O 7. Qc2 c6 8. Rd1
Kh8 9. Nbd2 Nbd7 10. Rb1 Qe8 11. b4 b5 12. c5 Ne4 13. Nb3 Ba6 14. Na5 Rc8 15.
Rb3 Bf6 16. Bf4 e5 17. dxe5 Nxe5 18. Nxe5 Bxe5 19. f3 Nc3 20. Bxe5 Nxd1 21. Bd4
Rc7 22. Qxd1 Re7 23. Bf1 f4 24. g4 Bc8 25. h4 h5 26. g5 Qg6 27. Qd3 Bf5 28. Qd2
Bd7 29. Rd3 Kg8 30. Bf2 Ref7 31. Qd1 Qf5 32. Nb7 Re7 33. Nd6 Qg6 34. Ra3 Bf5
35. Ra6 Rc7 36. Rxc6 Rxc6 37. Qxd5+ 1-0

[Event "Hilton Open 2012"]
[Site "Basel"]
[Date "2012.01.04"]
[Round "5"]
[White "Lutz, Bernhard"]
[Black "Heinis, Vincent"]
[Result "1-0"]
[WhiteElo "2321"]
[BlackElo "2146"]
[PlyCount "83"]
[EventDate "2012.??.??"]
[EventRounds "7"]
[EventCountry "SUI"]
[SourceDate "2012.01.01"]

1. d4 Nf6 2. c4 e6 3. Nf3 d5 4. Nc3 dxc4 5. e3 a6 6. a4 c5 7. Bxc4 Nc6 8. O-O
Be7 9. dxc5 Qxd1 10. Rxd1 Bxc5 11. h3 Bd7 12. e4 Na5 13. Ba2 Bc6 14. Bd2 b6 15.
Rab1 Bxe4 16. b4 Bxb1 17. Rxb1 Bd6 18. bxa5 bxa5 19. Ne2 Bb4 20. Bxb4 axb4 21.
Rxb4 O-O 22. Bc4 a5 23. Rb2 Rac8 24. Bb5 Rc5 25. Nfd4 Ne4 26. Nb3 Rd5 27. f3
Nd6 28. Nc3 Re5 29. Nxa5 Rc5 30. Ne4 Nxe4 31. fxe4 Rb8 32. Nb3 Rcxb5 33. axb5
Rxb5 34. Rd2 g5 35. Nd4 Re5 36. Re2 f5 37. exf5 Rxe2 38. Nxe2 exf5 39. Nd4 f4
40. Kf2 Kg7 41. Kf3 Kg6 42. h4 1-0

[Event "Hilton Open 2012"]
[Site "Basel"]
[Date "2012.01.04"]
[Round "5"]
[White "Metz, Hartmut"]
[Black "Arounopoulos, Stephan"]
[Result "1-0"]
[WhiteElo "2319"]
[BlackElo "2116"]
[PlyCount "121"]
[EventDate "2012.??.??"]
[EventRounds "7"]
[EventCountry "SUI"]
[SourceDate "2012.01.01"]

1. e4 e6 2. d4 d5 3. Nc3 Bb4 4. e5 b6 5. Nf3 Bb7 6. Bd2 Nc6 7. Bd3 Bf8 8. a3
Nge7 9. Ne2 Qd7 10. b4 Nf5 11. c3 h5 12. h4 g6 13. Bg5 Be7 14. a4 a5 15. b5 Na7
16. Qd2 c5 17. bxc6 Bxc6 18. Bf6 Rf8 19. Bxe7 Nxe7 20. Ng5 O-O-O 21. Nh7 Rh8
22. Nf6 Qc7 23. Ng1 Ng8 24. Nf3 Nxf6 25. exf6 Kb7 26. Ne5 Nc8 27. O-O Nd6 28.
Rfb1 Ka7 29. Rb3 Rb8 30. Qe2 Rhc8 31. Ba6 Bb7 32. Bb5 Nxb5 33. axb5 Ba8 34. Qd2
Rf8 35. Qf4 Qd8 36. Kf1 Rc8 37. Kg1 Rc4 38. Nxc4 dxc4 39. Rb2 Bd5 40. f3 Qd7
41. Re1 Kb7 42. Kf2 Rd8 43. Qe5 Qe8 44. Qf4 Qf8 45. Rbb1 Qa3 46. Qc1 Qd6 47.
Re5 Rh8 48. Ke2 Qd8 49. Qg5 Qd6 50. Kd1 Rd8 51. Kc2 Qa3 52. Qc1 Qf8 53. Kb2 Qd6
54. Ka2 Ra8 55. Qg5 Rd8 56. Rb2 Kc7 57. Qf4 Kb7 58. Rb1 Rh8 59. Qc1 Qd8 60. Qg5
Re8 61. Rbe1 1-0

[Event "Hilton Open 2012"]
[Site "Basel"]
[Date "2012.01.04"]
[Round "5"]
[White "Vulevic, Vjekoslav"]
[Black "Berset, Philippe"]
[Result "1-0"]
[WhiteElo "2294"]
[BlackElo "2109"]
[PlyCount "85"]
[EventDate "2012.??.??"]
[EventRounds "7"]
[EventCountry "SUI"]
[SourceDate "2012.01.01"]

1. d4 Nf6 2. Nf3 c5 3. e3 e6 4. Bd3 cxd4 5. exd4 b6 6. O-O Be7 7. Re1 O-O 8. c4
d5 9. b3 Nc6 10. a3 Bb7 11. Bb2 Rc8 12. Nbd2 Re8 13. Rc1 Bf8 14. c5 a6 15. b4
b5 16. Qb3 Rb8 17. a4 Ba8 18. axb5 axb5 19. h3 g6 20. Ra1 Nd7 21. Rxa8 Rxa8 22.
Bxb5 Qc8 23. Bxc6 Qxc6 24. b5 Qc7 25. Rb1 Reb8 26. Bc3 Rc8 27. c6 Nb6 28. Bb4
Bxb4 29. Qxb4 Ra4 30. Qc3 Rca8 31. g3 Ra3 32. Qc5 Ra2 33. Kg2 Kg7 34. h4 h6 35.
Qc1 R2a5 36. Ne5 Rb8 37. Qc3 Rba8 38. Rb3 f6 39. Nd3 Kf7 40. Nc5 e5 41. Qe3 g5
42. Qf3 Kg6 43. h5+ 1-0

[Event "Hilton Open 2012"]
[Site "Basel"]
[Date "2012.01.04"]
[Round "5"]
[White "Alfred, Nathan"]
[Black "Graeber, Fabien"]
[Result "1/2-1/2"]
[WhiteElo "2288"]
[BlackElo "2074"]
[PlyCount "72"]
[EventDate "2012.??.??"]
[EventRounds "7"]
[EventCountry "SUI"]
[SourceDate "2012.01.01"]

1. d4 d5 2. c4 e6 3. Nf3 Nf6 4. Nc3 Be7 5. Bg5 O-O 6. e3 h6 7. Bh4 Ne4 8. Bxe7
Qxe7 9. cxd5 Nxc3 10. bxc3 exd5 11. Qb3 Rd8 12. Be2 b6 13. O-O c5 14. Rfe1 Nc6
15. Rad1 Be6 16. Qa4 Rac8 17. Bb5 Na5 18. e4 dxe4 19. Rxe4 Qb7 20. Rde1 c4 21.
Qb4 Nc6 22. Qa3 a5 23. Rxe6 fxe6 24. Rxe6 Na7 25. Qa4 Nxb5 26. Qxb5 Rd5 27.
Re8+ Rxe8 28. Qxe8+ Kh7 29. Ne5 b5 30. h4 Rxe5 31. dxe5 b4 32. h5 Qe4 33. e6
Qe1+ 34. Kh2 Qxf2 35. e7 Qh4+ 36. Kg1 Qe1+ 1/2-1/2

[Event "Hilton Open 2012"]
[Site "Basel"]
[Date "2012.01.04"]
[Round "5"]
[White "Stankovic, Zeljko"]
[Black "Deubelbeiss, Rene"]
[Result "1-0"]
[WhiteElo "2200"]
[BlackElo "2007"]
[PlyCount "57"]
[EventDate "2012.??.??"]
[EventRounds "7"]
[EventCountry "SUI"]
[SourceDate "2012.01.01"]

1. d4 d6 2. c4 e5 3. d5 f5 4. e4 Nf6 5. exf5 Bxf5 6. Nc3 Be7 7. Nge2 Qd7 8. Ng3
Bg6 9. Bd3 Na6 10. Bxg6+ hxg6 11. Be3 Rh4 12. Qd3 O-O-O 13. Nb5 Qg4 14. Nxa7+
Kd7 15. Rc1 Nc5 16. Bxc5 dxc5 17. h3 Qg5 18. O-O e4 19. Qb3 Bd6 20. Qxb7 Rdh8
21. Nb5 Qf4 22. Nxd6 Qxd6 23. Rfe1 Rf4 24. b4 g5 25. Qb5+ Ke7 26. bxc5 Qe5 27.
d6+ cxd6 28. cxd6+ Qxd6 29. Qxg5 1-0

[Event "Hilton Open 2012"]
[Site "Basel"]
[Date "2012.01.04"]
[Round "5"]
[White "Seitz, Benjamin"]
[Black "Borda, Alan"]
[Result "1-0"]
[WhiteElo "2128"]
[BlackElo "2157"]
[PlyCount "125"]
[EventDate "2012.??.??"]
[EventRounds "7"]
[EventCountry "SUI"]
[SourceDate "2012.01.01"]

1. d4 Nf6 2. c4 g6 3. Nc3 d5 4. Nf3 Bg7 5. e3 O-O 6. Qb3 c6 7. Bd2 dxc4 8. Bxc4
Qb6 9. Qxb6 axb6 10. e4 b5 11. Bb3 e6 12. e5 Nd5 13. Ne4 Nd7 14. O-O f6 15.
exf6 N7xf6 16. Rfe1 Nxe4 17. Rxe4 h6 18. Rae1 Rd8 19. Ne5 Bxe5 20. Rxe5 Kg7 21.
Bxd5 cxd5 22. a3 Ra6 23. Rc1 Rc6 24. Rxc6 bxc6 25. Bb4 Bd7 26. h4 Rg8 27. g4
Ra8 28. f4 Bc8 29. Kf2 Ra7 30. Bc5 Rf7 31. Kg3 Rb7 32. h5 Rf7 33. hxg6 Kxg6 34.
b3 Kf6 35. Rh5 Kg6 36. Re5 Kf6 37. Re1 Rb7 38. Rh1 Kg6 39. Ra1 Kf6 40. a4 bxa4
41. b4 Rg7 42. Bf8 Rh7 43. Bxh6 Ra7 44. Bg5+ Kg6 45. Bd8 a3 46. Ba5 Ba6 47.
Rxa3 Bc4 48. Re3 Kf7 49. g5 Ra8 50. f5 exf5 51. Kf4 Rh8 52. Kxf5 Rh2 53. Bc7
Rf2+ 54. Bf4 Re2 55. g6+ Kg8 56. Ra3 Ra2 57. Rh3 Bf1 58. Re3 Ra8 59. Bg5 Ba6
60. Bf6 Bf1 61. Re7 Bh3+ 62. Kg5 Rc8 63. Rh7 1-0